00454 2200181 4500245005400000020002200054250001100076100001700087650001300104650002200117650001000139005001900149260004900168041001400217084001000231300002200241336000900263 aBerpetualang ke Pulagan Yuuk!cI Made GeriahText a978-602-52138-2-3 aCet. 1 aI Made Geria aAkeologi aKisah Petualangan aEbook a20240828150048 aJakartabPusat Penelitian Arkeologi Nasional aIndonesia a930.1 a32 hlm. :c21 cm. atext